Delhi shops & establishments act, 1954 and Delhi shops & establishments rules, 1954 (Record no. 419673)

000 -LEADER
fixed length control field 00314cam a22000977a 4500
008 - FIXED-LENGTH DATA ELEMENTS--GENERAL INFORMATION
fixed length control field 180718b1960 xxu||||| |||| 00| 0 eng d
082 ## - DEWEY DECIMAL CLASSIFICATION NUMBER
Classification number R603x5461 D378
245 ## - TITLE STATEMENT
Title Delhi shops & establishments act, 1954 and Delhi shops & establishments rules, 1954
260 ## - PUBLICATION, DISTRIBUTION, ETC.
Place of publication, distribution, etc. New Delhi
Name of publisher, distributor, etc. Jain Book Agency
Date of publication, distribution, etc. 1960
300 ## - PHYSICAL DESCRIPTION
Extent iv, 64p
Holdings
Withdrawn status Lost status Damaged status Not for loan Permanent Location Current Location Date acquired Full call number Barcode Date last seen Price effective from Koha item type
        Indian Institute of Public Administration Indian Institute of Public Administration 2009-07-08 R603x5461 D378 24472 2018-07-21 2018-07-21 Book

Powered by Koha